Cámara federal de apelaciones.

Cámara Federal de Apelaciones. Orígenes y estilo arquitectónico del edificio. Estructura de la sala de Audiencias. Funciones y competencia de la Institución.

Guardado en:
Formato: Deslizar
Materias:
Etiquetas: Agregar Etiqueta
Sin Etiquetas, Sea el primero en etiquetar este registro!
LEADER 00878ngm a22002295g 4500
001 CEM.cems022365
008 130507b1998##################0###0#####d
005 20241031132824.0
245 0 0 |a Cámara federal de apelaciones. 
300 |a 23'. 
500 |a En soporte VHS, consultar en ventanilla. 
520 |a Cámara Federal de Apelaciones. Orígenes y estilo arquitectónico del edificio. Estructura de la sala de Audiencias. Funciones y competencia de la Institución. 
538 |a Soporte: VHS - Norma: Pal N - Color: Si - Grabación DRD 1998 - Hitachi=2415 
082 9 1 |. 1/BAH-2 
653 |a BAHIA BLANCA 
653 |a CAMARA FEDERAL DE APELACIONES 
653 |a JUSTICIA 
653 |a JUEZ 
653 |a BAHIA BLANCA-ARQUITECTURA 
653 |a NIVEL PRIMARIO 
653 |a NIVEL SECUNDARIO 
859 |a CEMS  |b BIB. CEMS - Depto. Recursos Didacticos  |h 918.1  |i BAH-2  |k DRD  |p 1008.12  |t Ej.1